Tilastot visalle Täydennä vastakohdat

Klikkaa tästä pelataksesi tätä visaa!

Yleistilastot

  • Tätä visaa on pelattu 71 kertaa
  • Keskiarvotulos 31 / 35

Vastaustilastot

HintVastaus% Oikein
VaikeaHelppo
100%
LähelläKaukana
100%
MatalaKorkea
100%
KuumaKylmä
100%
AloittaaLopettaa
100%
LikainenPuhdas
100%
AvataSulkea
100%
PieniSuuri / Iso
100%
SairasTerve
100%
MustaValkoinen
100%
TilavaAhdas
98%
NopeaHidas
98%
SyntyäKuolla
98%
PukeaRiisua
98%
EteenTaakse
98%
NostaaLaskea
96%
HukataLöytää
96%
RakentaaPurkaa
96%
KastuaKuivua
95%
ValoisaPimeä
95%
TuhlataSäästää
95%
SaadaAntaa
91%
LämminViileä
87%
JäätyäSulaa
85%
LisätäVähentää
85%
HuutaaKuiskata
82%
KiiltäväMatta
82%
VihaRakkaus
82%
SileäKarhea / Karkea
78%
NoustaLaskeutua
78%
MyöntääKieltää / Evätä
67%
RauhallinenRauhaton / Levoton
65%
SalataPaljastaa
53%
KirkasHimmeä
51%
UltraviolettiInfrapuna
18%

Tulosjakauma

Persentiili vastausten määrän mukaan

Jokaisen tuloksen saaneiden osuus

Tuloshistoriasi

Et ole pelannut tätä visaa